Kỹ thuật nuôi lợn sinh sản đạt tiêu chuẩn
Tổng quan về kỹ thuật nuôi lợn sinh sản đạt tiêu chuẩn; thiết kế, xây dựng chuồng trại; lựa chọn giống; thức ăn chăn nuôi lợn theo tiêu chuẩn; phòng chống dịch bệnh ở lợn đạt tiêu chuẩn.
Đã lưu trong:
| Định dạng: | Sách |
|---|---|
| Ngôn ngữ: | Undetermined |
| Được phát hành: |
Hà Nội
Lao động - Xã hội
2016
|
| Những chủ đề: | |
| Các nhãn: |
Thêm thẻ
Không có thẻ, Là người đầu tiên thẻ bản ghi này!
|
| Thư viện lưu trữ: | Trung tâm Học liệu Trường Đại học Cần Thơ |
|---|
| LEADER | 00902nam a2200205Ia 4500 | ||
|---|---|---|---|
| 001 | CTU_230880 | ||
| 008 | 210402s9999 xx 000 0 und d | ||
| 020 | |c 53000 | ||
| 082 | |a 636.4 | ||
| 082 | |b K600 | ||
| 245 | 0 | |a Kỹ thuật nuôi lợn sinh sản đạt tiêu chuẩn | |
| 245 | 0 | |c Đặng Hoàng Thu, Vũ Thùy An (biên soạn) | |
| 260 | |a Hà Nội | ||
| 260 | |b Lao động - Xã hội | ||
| 260 | |c 2016 | ||
| 520 | |a Tổng quan về kỹ thuật nuôi lợn sinh sản đạt tiêu chuẩn; thiết kế, xây dựng chuồng trại; lựa chọn giống; thức ăn chăn nuôi lợn theo tiêu chuẩn; phòng chống dịch bệnh ở lợn đạt tiêu chuẩn. | ||
| 650 | |a Lợn,Swine | ||
| 650 | |x Chăn nuôi,Breeding | ||
| 910 | |b vtbtruc | ||
| 980 | |a Trung tâm Học liệu Trường Đại học Cần Thơ | ||